| 000 | 00880nam a2200169Ia 4500 | ||
|---|---|---|---|
| 082 |
_a678.065:62 _bCHA |
||
| 100 | _aCHAKRAVARTY, S N | ||
| 245 | 0 | _aIntroduction to tyre technology : Part I. Bias or crossply tyre. Part II.Radial tyre (BOOK LOST, COST RECOVERED) | |
| 260 |
_aPolym Consultants _bNew Delhi _c2012 |
||
| 500 | _aBook lost and cost recovered from Sri. Madhusoodanan, Principal Scientist, Rubber technology (Receipt No10470 dated 19.10.2023 for Rs 810.00 | ||
| 505 | _aBook lost and cost recovered from Sri. Madhusoodanan, Principal Scientist, Rubber technology (Receipt No10470 dated 19.10.2023 for Rs 810.00 | ||
| 520 | _aBook lost and cost recovered from Sri. Madhusoodanan, Principal Scientist, Rubber technology (Receipt No10470 dated 19.10.2023 for Rs 810.00 | ||
| 650 | _aCrossply tyre | ||
| 650 | _aRadial tyre | ||
| 650 | _aTyre technology | ||
| 942 | _cBK | ||
| 999 |
_c43131 _d43131 |
||